| 000 | 00345nam a2200133Ia 4500 | ||
|---|---|---|---|
| 005 | 20251222144709.0 | ||
| 008 | 251222s9999||||xx |||||||||||||| ||spa|| | ||
| 020 | _a9972-208-20-6 | ||
| 082 | _a343.04/G63 | ||
| 100 | _aGómez Aguirre, Antonio | ||
| 245 | 0 | _aManual de Referencia Rápida del Contador | |
| 264 | _bGaceta Jurídica | ||
| 942 | _cLIB | ||
| 999 |
_c17768 _d17768 |
||